مكتبة جامعة عجلون الوطنية

فهرس بحث المكتبة

Normal view MARC view
  • رياض الأطفال-مناهج. أطفال ما قبل المدرسة-تعليم-رياض الأطفال-برامج النشطة

Entry Topical Term

Number of records used in: 1

001 - CONTROL NUMBER

  • control field: 42772

003 - CONTROL NUMBER IDENTIFIER

  • control field: JO-AjAnu

005 - DATE AND TIME OF LATEST TRANSACTION

  • control field: 20230606081108.0

008 - FIXED-LENGTH DATA ELEMENTS

  • fixed length control field: 230606|| aca||aabn | a|a d

040 ## - CATALOGING SOURCE

  • Original cataloging agency: JO-AjAnu
  • Transcribing agency: JO-AjAnu

150 ## - HEADING--TOPICAL TERM

  • Topical term or geographic name entry element: رياض الأطفال-مناهج. أطفال ما قبل المدرسة-تعليم-رياض الأطفال-برامج النشطة

670 ## - SOURCE DATA FOUND

  • Source citation: Work cat.: (JO-AjAnu)21907: قنديل، محمد متولي مؤلف/بدوي، رمضان مسعد م.مشارك, author 42771, الألعاب التربوية في الطفولة المبكرة